| 000 | 01377nam a2200301 i 4500 | ||
|---|---|---|---|
| 003 | DO-SdBNP | ||
| 005 | 20230719081847.0 | ||
| 007 | ta | ||
| 008 | 230411t2013 dr ac||gr|||| 001 edspa d | ||
| 020 | _a9789945475609 | ||
| 040 |
_aDO-SdBNP _bspa _cBNPHU _erda |
||
| 082 | 4 |
_222 _bC957g |
|
| 100 | 1 | 0 |
_971172 _aCruz, Juan de la, _d1963- _eautor |
| 245 | 1 | 0 |
_aGénesis y eclipse: _bla utopía de Duarte / _cJuan de la Cruz; Amado Santana, encargado de ediciones. |
| 264 |
_aSanto Domingo : _bFERILIBRO , _c2013 |
||
| 300 |
_a153 páginas : _bIlustraciones, retratos ; _c22 cm |
||
| 336 |
_2rdaconten _atexto _btxt |
||
| 337 |
_asin medición _brdamedia |
||
| 338 |
_avolumen _bnc |
||
| 500 | _aIncluye datos biográficos del autor en las solapas de las cubiertas | ||
| 500 | _aImagen de portada: "Cayena dominicana", de León Felix Batista y Amado Santana | ||
| 504 | _aBibliografía: 141 - 153 páginas | ||
| 505 |
_aPrólogo. _gCapítulo 1. _tGénesis de la Utopía de Duarte.-- _gCapítulo 2 _tDesarrollo de la Utopía en el Pensamiento y en la Praxis de Duarte.-- _gCapítulo 3. _tVicisitudes de Duarte por su Utopía.-- _gCapítulo 4. _tContinuidad y Eclipses de la Utopía de Duarte.-- _gCapítulo 5. _tLa República Dominicana soñada.-- _tBibliografía. |
||
| 590 | _aInventariado 2023 / MF | ||
| 700 | 1 | 0 |
_97207 _aSantana, Amado _eeditor |
| 910 | _aMFeliz | ||
| 942 |
_2ddc _cLBS1 |
||
| 999 |
_c53208 _d53208 |
||